[Event "4NCL Division Four"]
[Site "Telford, ENG"]
[Date "2024.01.06"]
[Round "3.53"]
[White "Perrett, David C"]
[Black "Taylor, Robert P"]
[Result "1-0"]
[WhiteElo "2003"]
[BlackElo "1738"]
[PlyCount "53"]
[EventDate "2024.01.06"]
[WhiteTeam "The Full Ponty"]
[BlackTeam "Ashfield 3"]

1. d4 c6 2. Nf3 Nf6 3. g3 g6 4. Bg2 Bg7 5. O-O d5 6. c4 O-O 7. Ne5 e6 8. Nc3
Nbd7 9. f4 Qe7 10. e3 a6 11. b3 Nxe5 12. fxe5 Nd7 13. a4 Re8 14. Ba3 Qg5 15.
Qf3 f5 16. e4 Bf8 17. Bxf8 Rxf8 18. exd5 exd5 19. cxd5 c5 20. e6 Nf6 21. dxc5
Ng4 22. Rae1 Re8 23. h3 Nh6 24. Qe3 Qxe3+ 25. Rxe3 Kg7 26. Rfe1 Rg8 27. d6 1-0

[Event "4NCL Division Four"]
[Site "Telford, ENG"]
[Date "2024.01.06"]
[Round "3.54"]
[White "Graham, Neil"]
[Black "Adams, Mark"]
[Result "1/2-1/2"]
[WhiteElo "1748"]
[BlackElo "1995"]
[PlyCount "39"]
[EventDate "2024.01.06"]
[WhiteTeam "Ashfield 3"]
[BlackTeam "The Full Ponty"]

1. d4 Nf6 2. f3 d5 3. e4 dxe4 4. Nc3 exf3 5. Nxf3 Bf5 6. Ne5 e6 7. g4 Bg6 8. g5
Nd5 9. Bg2 c6 10. Bxd5 cxd5 11. h4 Nd7 12. Nxg6 hxg6 13. Qf3 Bd6 14. Bf4 Qc7
15. Bxd6 Qxd6 16. O-O-O Rf8 17. h5 gxh5 18. Rxh5 O-O-O 19. Rh7 Nb6 20. Rxg7
1/2-1/2

[Event "4NCL Division Four"]
[Site "Telford, ENG"]
[Date "2024.01.06"]
[Round "3.55"]
[White "Hughes, Anthony"]
[Black "Thomson, James L"]
[Result "1-0"]
[WhiteElo "1908"]
[BlackElo "1686"]
[PlyCount "57"]
[EventDate "2024.01.06"]
[WhiteTeam "The Full Ponty"]
[BlackTeam "Ashfield 3"]

1. c4 Nf6 2. Nc3 d5 3. cxd5 Nxd5 4. g3 g6 5. Bg2 Nb6 6. d3 Bg7 7. Be3 N8d7 8.
Qc1 Nf6 9. h4 c6 10. Nh3 Bf5 11. Bh6 O-O 12. Qg5 Ng4 13. Bxg7 Kxg7 14. Be4 Bxe4
15. Nxe4 h5 16. Nf4 Nf6 17. Nxf6 exf6 18. Nxh5+ Kg8 19. Nxf6+ Kg7 20. Ne4 Qd4
21. Qd2 Na4 22. O-O-O Kh7 23. h5 Kg8 24. Nc3 Nxc3 25. Qxc3 Qxf2 26. hxg6 f6 27.
Qc4+ Kg7 28. Rh7+ Kxg6 29. Qg4+ 1-0

[Event "4NCL Division Four"]
[Site "Telford, ENG"]
[Date "2024.01.06"]
[Round "3.56"]
[White "Willoughby, Robert H"]
[Black "Dixon, Chris"]
[Result "1-0"]
[WhiteElo "1614"]
[BlackElo "1800"]
[PlyCount "91"]
[EventDate "2024.01.06"]
[WhiteTeam "Ashfield 3"]
[BlackTeam "The Full Ponty"]

1. d4 Nf6 2. Bg5 d5 3. Nd2 Nbd7 4. Ngf3 g6 5. e3 Bg7 6. c4 c6 7. Be2 O-O 8. O-O
h6 9. Bh4 dxc4 10. Bxc4 Nb6 11. Bd3 Nbd5 12. a3 Be6 13. Rc1 Rc8 14. b4 a6 15.
Bg3 Nh5 16. Be5 Bxe5 17. Nxe5 Kg7 18. Ndf3 Bg4 19. Nxg4 e6 20. Nge5 f5 21. g3
Nhf6 22. Nh4 Ne7 23. Bc4 Nfd5 24. Ng2 g5 25. Qb3 Rf6 26. Rfe1 h5 27. f4 g4 28.
Rcd1 b5 29. Bd3 Nb6 30. Rc1 Rh6 31. Nh4 Rf6 32. Rc2 Qd6 33. Rec1 Nbd5 34. Bf1
Rff8 35. Bg2 Rc7 36. Qd3 Rfc8 37. e4 fxe4 38. Bxe4 Nf6 39. Bg2 Nd7 40. Nhg6 Nf5
41. Rd1 Nxe5 42. Nxe5 Ne7 43. Be4 Rd8 44. Rc5 Kf6 45. Bxc6 Rxc6 46. Rxc6 1-0

[Event "4NCL Division Four"]
[Site "Telford, ENG"]
[Date "2024.01.06"]
[Round "3.61"]
[White "Adaway, William"]
[Black "Ireland, David J"]
[Result "1/2-1/2"]
[WhiteElo "1987"]
[BlackElo "1860"]
[PlyCount "97"]
[EventDate "2024.01.06"]
[WhiteTeam "Wessex B"]
[BlackTeam "Coventry"]

1. e4 Nf6 2. e5 Nd5 3. d4 d6 4. c4 Nb6 5. exd6 exd6 6. Nf3 Bg4 7. Be2 Nc6 8.
Be3 Be7 9. Nbd2 Bf6 10. Rc1 O-O 11. Ne4 d5 12. Nxf6+ Qxf6 13. b3 h6 14. c5 Nc8
15. Qd2 N8e7 16. O-O Nf5 17. Rcd1 Rfe8 18. h3 Bxf3 19. Bxf3 Rad8 20. b4 Nh4 21.
Be2 Ne7 22. Bf4 c6 23. Bc7 Qg6 24. g3 Nef5 25. Bg4 Rd7 26. gxh4 h5 27. Qg5 hxg4
28. hxg4 Qxg5 29. hxg5 Nxd4 30. Bd6 Nf3+ 31. Kg2 Nxg5 32. Rfe1 Ne4 33. Bf4 Rde7
34. f3 Nc3 35. Rxe7 Rxe7 36. Rd2 Re2+ 37. Rxe2 Nxe2 38. Be5 f6 39. Bb2 Nf4+ 40.
Kg3 Nd3 41. Bc3 Ne5 42. Kf4 Nd7 43. g5 Kf7 44. gxf6 gxf6 45. Kf5 a5 46. a3 axb4
47. axb4 Ke7 48. Bd4 Kf7 49. Bc3 1/2-1/2

[Event "4NCL Division Four"]
[Site "Telford, ENG"]
[Date "2024.01.06"]
[Round "3.62"]
[White "Pink, Joshua"]
[Black "Marsh, Roger D W"]
[Result "0-1"]
[WhiteElo "1848"]
[BlackElo "1927"]
[PlyCount "96"]
[EventDate "2024.01.06"]
[WhiteTeam "Coventry"]
[BlackTeam "Wessex B"]

1. e4 c6 2. d4 d5 3. e5 Bf5 4. Nc3 e6 5. g4 Bg6 6. Nge2 h6 7. Be3 Nd7 8. f4 h5
9. Ng3 hxg4 10. Be2 Nh6 11. Qd2 Nf5 12. Nxf5 Bxf5 13. O-O-O Qa5 14. a3 b5 15.
Nb1 Qxd2+ 16. Nxd2 Nb6 17. Bf2 Nc4 18. Nf1 a5 19. Rg1 a4 20. Bxg4 Bxg4 21. Rxg4
b4 22. axb4 a3 23. bxa3 Rxa3 24. Kb1 Bxb4 25. Be1 Bxe1 26. Rxe1 O-O 27. Rg3
Rb8+ 28. Rb3 Rbxb3+ 29. cxb3 Rxb3+ 30. Kc1 Rf3 31. Nd2 Nxd2 32. Kxd2 Rxf4 33.
Kd3 Rf2 34. Rc1 Rxh2 35. Rxc6 Rf2 36. Ke3 Rf1 37. Rc2 g5 38. Rg2 Rf5 39. Rg1
Kg7 40. Rg2 Kg6 41. Rg1 Rf4 42. Rh1 Rh4 43. Rf1 Re4+ 44. Kd3 Rf4 45. Rh1 Kf5
46. Rh6 Rf3+ 47. Ke2 Ke4 48. Rh5 Rf5 0-1

[Event "4NCL Division Four"]
[Site "Telford, ENG"]
[Date "2024.01.06"]
[Round "3.63"]
[White "MacNeil, Elliott"]
[Black "Goodwin, Ed H"]
[Result "0-1"]
[WhiteElo "1947"]
[BlackElo "1808"]
[PlyCount "144"]
[EventDate "2024.01.06"]
[WhiteTeam "Wessex B"]
[BlackTeam "Coventry"]

1. Nf3 c5 2. d3 g6 3. c4 Bg7 4. Nc3 Nf6 5. g3 Nc6 6. Bg2 d6 7. O-O O-O 8. d4
cxd4 9. Nxd4 Bd7 10. Nc2 Qa5 11. Qd2 Qh5 12. b3 Ng4 13. h3 Nf6 14. Qg5 Qxg5 15.
Bxg5 h6 16. Bc1 Rab8 17. Bb2 Ne8 18. Rfd1 Be6 19. e4 a6 20. Rd2 b5 21. cxb5
axb5 22. Ne3 b4 23. Ncd5 Bxb2 24. Rxb2 Bxd5 25. Nxd5 e6 26. Ne3 Kg7 27. f4 e5
28. Nc4 f6 29. a4 bxa3 30. Rxa3 Nd4 31. b4 Rf7 32. Ra1 Rc7 33. Bf1 h5 34. Na3
Rc3 35. Kg2 h4 36. gxh4 exf4 37. b5 Rg3+ 38. Kf2 Ra8 39. Nc2 Rxa1 40. Nxa1 Ra3
41. Nc2 Nxc2 42. Rxc2 Rb3 43. Rc8 Kf8 44. Rb8 Ke7 45. b6 d5 46. exd5 Nd6 47.
Bg2 f5 48. h5 gxh5 49. Rh8 Rxb6 50. Rxh5 Kf6 51. h4 Ke5 52. Rh7 Ne4+ 53. Kg1
Kxd5 54. h5 Ke5 55. Rh8 Rb1+ 56. Kh2 Kf6 57. h6 Kg6 58. h7 Nf6 59. Bh3 Nxh7 60.
Bxf5+ Kxf5 61. Rxh7 Ke4 62. Kg2 Rb2+ 63. Kf1 Kf3 64. Rh3+ Kg4 65. Rh7 Kg3 66.
Rh8 Rb1+ 67. Ke2 f3+ 68. Ke3 Re1+ 69. Kd2 Re4 70. Rg8+ Rg4 71. Rb8 f2 72. Ke2
Re4+ 0-1

[Event "4NCL Division Four"]
[Site "Telford, ENG"]
[Date "2024.01.06"]
[Round "3.64"]
[White "Graff, Ben"]
[Black "Spanton, Tim R"]
[Result "0-1"]
[WhiteElo "1775"]
[BlackElo "1888"]
[PlyCount "66"]
[EventDate "2024.01.06"]
[WhiteTeam "Coventry"]
[BlackTeam "Wessex B"]

1. e4 e6 2. d4 d5 3. exd5 exd5 4. Bd3 c5 5. c3 Nc6 6. Qe2+ Qe7 7. Qxe7+ Bxe7 8.
Nf3 Nf6 9. O-O O-O 10. Bg5 c4 11. Bc2 h6 12. Bh4 Be6 13. Ne5 g5 14. Nxc6 bxc6
15. Bg3 Nh5 16. Nd2 Nxg3 17. hxg3 Rab8 18. b3 c5 19. Nf3 Bf6 20. Rad1 Rfd8 21.
Ne5 Bxe5 22. dxe5 d4 23. cxd4 cxd4 24. bxc4 Bxc4 25. Bd3 Bxa2 26. Rd2 Bd5 27.
Ra1 Rb7 28. Ra4 Bc6 29. Ra6 Bb5 30. Rxh6 Bxd3 31. Rxd3 Kg7 32. Ra6 Rb1+ 33. Kh2
Rh8+ 0-1

[Event "4NCL Division Four"]
[Site "Telford, ENG"]
[Date "2024.01.06"]
[Round "3.65"]
[White "Chilton, James I"]
[Black "Manickam, Saravanna Bava"]
[Result "0-1"]
[WhiteElo "1863"]
[BlackElo "1757"]
[PlyCount "94"]
[EventDate "2024.01.06"]
[WhiteTeam "Wessex B"]
[BlackTeam "Coventry"]

1. d4 Nf6 2. c4 e6 3. Nc3 b6 4. Bf4 Bb7 5. Nf3 Bb4 6. e3 Ne4 7. Rc1 O-O 8. Bd3
d6 9. O-O Bxc3 10. bxc3 Nd7 11. Qc2 f5 12. h3 Qe8 13. Nd2 Nxd2 14. Qxd2 Qg6 15.
f3 h5 16. Qf2 e5 17. Qg3 Qxg3 18. Bxg3 e4 19. Be2 g6 20. f4 Ba6 21. Kf2 Nb8 22.
Bh4 Nc6 23. Rg1 Kf7 24. g4 hxg4 25. hxg4 Rh8 26. Rh1 Na5 27. gxf5 gxf5 28. c5
Bxe2 29. Kxe2 d5 30. cxb6 axb6 31. Bf2 Nc4 32. Rxh8 Rxh8 33. Rc2 Rh2 34. Rc1
Nb2 35. Rc2 Nd3 36. Kf1 Kg6 37. Kg1 Rh3 38. Kf1 Kh5 39. Re2 Rf3 40. Kg2 Rxf2+
41. Rxf2 Nxf2 42. Kxf2 Kg4 43. Kg2 b5 44. a3 c6 45. Kf2 Kh3 46. Kf1 Kg3 47. Ke2
Kg2 0-1

[Event "4NCL Division Four"]
[Site "Telford, ENG"]
[Date "2024.01.06"]
[Round "3.66"]
[White "Woolgar, Steven G"]
[Black "Wright, George A"]
[Result "1-0"]
[WhiteElo "1608"]
[BlackElo "1346"]
[PlyCount "113"]
[EventDate "2024.01.06"]
[WhiteTeam "Coventry"]
[BlackTeam "Wessex B"]

1. c4 Nf6 2. Nc3 e6 3. g3 Nc6 4. Bg2 Be7 5. Nf3 d5 6. cxd5 Nxd5 7. O-O O-O 8.
e4 Nxc3 9. bxc3 Na5 10. d4 Nc4 11. a4 a5 12. Qe2 Nb6 13. Ne5 f6 14. Nc4 Bd7 15.
Nxb6 cxb6 16. Ba3 Rc8 17. Bxe7 Qxe7 18. Rfc1 Qe8 19. Qa2 Qf7 20. Qb2 b5 21.
axb5 b6 22. c4 Qe8 23. Bf1 f5 24. exf5 Rxf5 25. Bd3 Rg5 26. Qd2 Rh5 27. Be2 Rf5
28. Bg4 Rf6 29. d5 e5 30. Bxd7 Qxd7 31. Qe3 Qd6 32. Ra4 Rc5 33. Re1 Rf5 34. Qe4
g6 35. Qd3 Kg7 36. Re4 g5 37. Qe2 Kg6 38. h4 h5 39. hxg5 Rxg5 40. Qd3 Kf6 41.
Qf3+ Rf5 42. Qe3 Rc7 43. Qh6+ Ke7 44. Qg7+ Kd8 45. Qg8+ Rf8 46. Qg5+ Re7 47.
Qxh5 Qc5 48. Qe2 Rfe8 49. Qf3 Qd6 50. Kg2 Rc7 51. Qe3 Qf6 52. Ra1 Qd6 53. Rh1
Rxc4 54. Rxc4 Qxd5+ 55. Qe4 Qxb5 56. Rd1+ Ke7 57. Rc7+ 1-0

[Event "4NCL Division Four"]
[Site "Telford, ENG"]
[Date "2024.01.06"]
[Round "3.71"]
[White "Neatherway, A Philip"]
[Black "Coates, Kenneth G"]
[Result "1/2-1/2"]
[WhiteElo "1719"]
[BlackElo "1921"]
[PlyCount "106"]
[EventDate "2024.01.06"]
[WhiteTeam "Oxford 3"]
[BlackTeam "Crowthorne B"]

1. e4 d5 2. exd5 Qxd5 3. c4 Qd8 4. d4 Nf6 5. Nf3 g6 6. Nc3 Bg7 7. Be2 O-O 8.
O-O c6 9. Re1 Re8 10. Bf4 Nbd7 11. Qd2 Nh5 12. Bg5 Qc7 13. Rad1 f6 14. Bh6 Bxh6
15. Qxh6 Qf4 16. Qxf4 Nxf4 17. Bf1 Nf8 18. h3 g5 19. Re3 Bf5 20. Kh2 Rad8 21.
g3 N4g6 22. Bg2 h5 23. b4 g4 24. hxg4 Bxg4 25. a4 Rd7 26. a5 Red8 27. a6 b6 28.
Rd2 Kg7 29. Nh4 Rxd4 30. Rxd4 Rxd4 31. Re4 Rxe4 32. Bxe4 Ne5 33. f4 Nxc4 34.
Bxc6 Ne6 35. Nb5 Nd6 36. Nxa7 Nc7 37. b5 Be2 38. Nf3 Ncxb5 39. Nxb5 Bxb5 40.
Bxb5 Nxb5 41. Nd4 Na7 42. Kh3 e5 43. fxe5 fxe5 44. Nf5+ Kf6 45. Ne3 b5 46. Kh4
Kg6 47. g4 hxg4 48. Kxg4 b4 49. Kf3 b3 50. Nc4 Kf5 51. Ke3 Nb5 52. Nb2 e4 53.
Nc4 Ke6 1/2-1/2

[Event "4NCL Division Four"]
[Site "Telford, ENG"]
[Date "2024.01.06"]
[Round "3.72"]
[White "Chapman, Timothy J"]
[Black "Tringali, Alessandro"]
[Result "1-0"]
[WhiteElo "1734"]
[BlackElo "1616"]
[PlyCount "47"]
[EventDate "2024.01.06"]
[WhiteTeam "Crowthorne B"]
[BlackTeam "Oxford 3"]

1. d4 Nf6 2. c4 e6 3. Nf3 d5 4. Bg5 h6 5. Bh4 g5 6. Bg3 Bb4+ 7. Nbd2 Ne4 8. a3
Nxg3 9. hxg3 Bxd2+ 10. Nxd2 dxc4 11. Nxc4 Nc6 12. e3 Qf6 13. Qc2 Bd7 14. Be2
Qf5 15. Qxf5 exf5 16. O-O-O f6 17. Bf3 Kf7 18. Bd5+ Kg7 19. Nd2 Rab8 20. Nb3
Ne7 21. Nc5 Nxd5 22. Nxd7 Rbd8 23. Nc5 b6 24. Ne6+ 1-0

[Event "4NCL Division Four"]
[Site "Telford, ENG"]
[Date "2024.01.06"]
[Round "3.73"]
[White "Kocan, Barry A"]
[Black "Shek, Daniel"]
[Result "0-1"]
[WhiteElo "1548"]
[BlackElo "1670"]
[PlyCount "104"]
[EventDate "2024.01.06"]
[WhiteTeam "Oxford 3"]
[BlackTeam "Crowthorne B"]

1. e4 c5 2. Nf3 Nc6 3. d4 cxd4 4. Nxd4 d6 5. Be3 Nf6 6. Nc3 g6 7. Be2 Bg7 8. g4
O-O 9. g5 Ne8 10. Qd2 e5 11. Nb3 Be6 12. Nd5 Bxd5 13. exd5 Ne7 14. O-O-O Nf5
15. h4 Nxe3 16. fxe3 f5 17. Rdg1 Qb6 18. h5 a5 19. hxg6 hxg6 20. a4 Qb4 21.
Qxb4 axb4 22. Bb5 Nc7 23. Bd7 Rf7 24. Be6 Nxe6 25. dxe6 Re7 26. a5 Rxe6 27. Rd1
Ra6 28. Rd5 Bf8 29. Rb5 Re7 30. Rxb4 Rc7 31. Rb5 Rac6 32. c3 Be7 33. Rg1 Rc4
34. Kd2 Rh4 35. Rd5 Kf7 36. Ke1 Ke6 37. Rd2 Rh5 38. Rdg2 Rc8 39. Kf2 Rch8 40.
Nd2 Rh1 41. c4 d5 42. b3 Rxg1 43. Kxg1 Rh5 44. cxd5+ Kxd5 45. Nc4 Rxg5 46. Rxg5
Bxg5 47. Kf2 Be7 48. Kg3 Ke4 49. Nb6 Bb4 50. Nc4 g5 51. Kf2 f4 52. exf4 exf4
0-1

[Event "4NCL Division Four"]
[Site "Telford, ENG"]
[Date "2024.01.06"]
[Round "3.74"]
[White "Leadbetter, Scott"]
[Black "Rumsby, Stephen"]
[Result "1-0"]
[WhiteElo "1624"]
[BlackElo "1564"]
[PlyCount "65"]
[EventDate "2024.01.06"]
[WhiteTeam "Crowthorne B"]
[BlackTeam "Oxford 3"]

1. e4 e5 2. Nf3 Nc6 3. c3 Nf6 4. d4 exd4 5. e5 Ng4 6. cxd4 d5 7. h3 Nh6 8. Bxh6
gxh6 9. Bb5 Bd7 10. Nc3 Ne7 11. Qc2 c6 12. Bd3 Ng6 13. Ne2 Qa5+ 14. Nd2 Bb4 15.
g3 Bxd2+ 16. Qxd2 Qxd2+ 17. Kxd2 O-O-O 18. f4 h5 19. f5 Ne7 20. g4 hxg4 21.
hxg4 Rdg8 22. Rh4 Rg5 23. Rah1 h5 24. f6 Ng6 25. Rxh5 Rgxh5 26. gxh5 Bg4 27.
Bxg6 fxg6 28. h6 Kd8 29. Nf4 Bf5 30. e6 g5 31. Rh5 gxf4 32. Rxf5 Rxh6 33. f7
1-0

[Event "4NCL Division Four"]
[Site "Telford, ENG"]
[Date "2024.01.06"]
[Round "3.75"]
[White "Matilal, Tamal"]
[Black "Haslehurst, Harriet"]
[Result "0-1"]
[WhiteElo "1311"]
[BlackElo "1533"]
[PlyCount "130"]
[EventDate "2024.01.06"]
[WhiteTeam "Oxford 3"]
[BlackTeam "Crowthorne B"]

1. f4 d5 2. Nf3 c5 3. b3 Nc6 4. Bb2 d4 5. e3 Nf6 6. Bb5 dxe3 7. Ne5 exd2+ 8.
Qxd2 Qxd2+ 9. Nxd2 Bd7 10. Nxd7 Nxd7 11. Bxc6 bxc6 12. O-O f6 13. Rfe1 Kf7 14.
Rad1 e6 15. Ne4 Nb6 16. Nd6+ Ke7 17. Ba3 Nd5 18. Bxc5 Kd7 19. Ne4 Bxc5+ 20.
Nxc5+ Ke7 21. Rxe6+ Kf7 22. Rxc6 Nxf4 23. Ne4 Kg6 24. Rd7 Rhe8 25. Ng3 a5 26.
Kf2 Re5 27. Rcc7 Ne6 28. Rb7 Rg8 29. h4 Nc5 30. h5+ Kh6 31. Rdc7 Nxb7 32. Rxb7
Rd8 33. Kf3 g6 34. Rb6 Rde8 35. Rxf6 Kg5 36. Rf7 h6 37. hxg6 Kxg6 38. Rb7 Rf8+
39. Kg4 h5+ 40. Kh3 Rf4 41. Rb6+ Kg5 42. Kh2 h4 43. Nh1 Re2 44. Rb5+ Rf5 45. c4
Rxa2 46. Rb8 Kg4 47. Rg8+ Kf4 48. Kh3 Rg5 49. Rf8+ Rf5 50. Rh8 Ra3 51. Rb8 a4
52. Kxh4 Rf7 53. g3+ Kf3 54. Rb5 Rxb3 55. Ra5 Rb4 56. Rc5 a3 57. g4 a2 58. Ra5
Rb2 59. Kg5 Rh7 60. Ng3 Kxg3 61. Kg6 Rh1 62. g5 a1=Q 63. Rxa1 Rxa1 64. c5 Ra6+
65. Kf5 Rb5 0-1

[Event "4NCL Division Four"]
[Site "Telford, ENG"]
[Date "2024.01.06"]
[Round "3.81"]
[White "McLean, Rory"]
[Black "Vachtfeidl, Petr"]
[Result "0-1"]
[WhiteElo "1680"]
[BlackElo "1933"]
[PlyCount "52"]
[EventDate "2024.01.06"]
[WhiteTeam "Barnet Knights C"]
[BlackTeam "CSC/Kingston 3"]

1. d4 Nf6 2. c4 g6 3. f3 d5 4. cxd5 Nxd5 5. e4 Nb6 6. Nc3 Bg7 7. Be3 O-O 8. Qd2
Nc6 9. O-O-O e5 10. d5 Nd4 11. Bd3 c6 12. dxc6 bxc6 13. Bh6 Be6 14. h4 Bxa2 15.
Qe3 Nb3+ 16. Kc2 Nd4+ 17. Kc1 Nb3+ 18. Kc2 Nd4+ 19. Kc1 Nc4 20. Bxc4 Bxc4 21.
Bxg7 Kxg7 22. f4 Qb6 23. Qh3 Rab8 24. Na4 Qb4 25. h5 Qxa4 26. hxg6 Qc2# 0-1

[Event "4NCL Division Four"]
[Site "Telford, ENG"]
[Date "2024.01.06"]
[Round "3.82"]
[White "Eckert, Jonathan"]
[Black "Michener, Max"]
[Result "1-0"]
[WhiteElo "1785"]
[BlackElo "1564"]
[PlyCount "73"]
[EventDate "2024.01.06"]
[WhiteTeam "CSC/Kingston 3"]
[BlackTeam "Barnet Knights C"]

1. e4 e5 2. Nc3 Nf6 3. Nf3 Nc6 4. Bc4 Bc5 5. d3 h6 6. O-O d6 7. Be3 Bb6 8. h3
O-O 9. Nd5 Nxd5 10. Bxd5 Ne7 11. Bb3 Be6 12. d4 Bxb3 13. axb3 f6 14. Qd3 Ng6
15. c4 a6 16. b4 Kh8 17. Rfd1 Qe7 18. Rac1 Rac8 19. d5 Bxe3 20. Qxe3 Nf4 21.
Kh2 Qd7 22. Nh4 Kh7 23. g4 b6 24. Ng2 Nxg2 25. Kxg2 Ra8 26. c5 bxc5 27. bxc5
Rfb8 28. cxd6 cxd6 29. Rc6 a5 30. Rdc1 Rb4 31. Rc7 Qa4 32. Qf3 Rf8 33. Qf5+ Kh8
34. Qg6 Rg8 35. Rxg7 Rxg7 36. Rc8+ Rg8 37. Qxg8# 1-0

[Event "4NCL Division Four"]
[Site "Telford, ENG"]
[Date "2024.01.06"]
[Round "3.83"]
[White "Morin, Julian"]
[Black "Moss, Stephen"]
[Result "0-1"]
[WhiteElo "1211"]
[BlackElo "1769"]
[PlyCount "140"]
[EventDate "2024.01.06"]
[WhiteTeam "Barnet Knights C"]
[BlackTeam "CSC/Kingston 3"]

1. d4 d5 2. c4 e6 3. e3 Nf6 4. Nc3 c5 5. Nf3 Be7 6. Bd2 O-O 7. Bd3 dxc4 8. Bxc4
Nc6 9. dxc5 Bxc5 10. O-O Qe7 11. Qc2 b6 12. Rad1 Bb7 13. Bc1 Rad8 14. a3 Qc7
15. b4 Be7 16. Bb2 Nxb4 17. axb4 Qxc4 18. Ra1 Bxf3 19. gxf3 Nd5 20. Kh1 Bxb4
21. Rg1 Nxc3 22. Rg4 Qc5 23. Rag1 g6 24. Rxg6+ Kh8 25. R6g5 Rd5 26. Rxd5 Qxd5
27. Bxc3+ Bxc3 28. Qxc3+ e5 29. e4 Qd4 30. Qa3 Rg8 31. Rxg8+ Kxg8 32. Qxa7 Qxf2
33. Qb8+ Kg7 34. Qxe5+ f6 35. Qe7+ Kg6 36. Qe8+ Kg5 37. Qg8+ Kf4 38. h3 Qxf3+
39. Kh2 Qe2+ 40. Kg1 Qe1+ 41. Kh2 Qf2+ 42. Kh1 Kxe4 43. Qxh7+ Qf5 44. Qb7+ Kf4
45. Qc7+ Kg5 46. Qg7+ Qg6 47. Qc7 Qe4+ 48. Kg1 Qd4+ 49. Kh1 Qd5+ 50. Kg1 Qc5+
51. Qxc5+ bxc5 52. Kf2 Kh4 53. Ke3 Kxh3 54. Ke4 Kg4 55. Kd5 f5 56. Kxc5 f4 57.
Kd4 f3 58. Kd3 Kg3 59. Kd2 f2 60. Ke2 Kg2 61. Ke3 f1=Q 62. Kd4 Qe2 63. Kc5 Qd3
64. Kb6 Qc4 65. Kb7 Kf3 66. Ka8 Qb3 67. Ka7 Ke4 68. Ka8 Kd5 69. Ka7 Kc6 70. Ka8
Qb7# 0-1

[Event "4NCL Division Four"]
[Site "Telford, ENG"]
[Date "2024.01.06"]
[Round "3.84"]
[White "Grey, Nicholas D"]
[Black "Patel, Joshan"]
[Result "1-0"]
[WhiteElo "1703"]
[BlackElo "823"]
[PlyCount "85"]
[EventDate "2024.01.06"]
[WhiteTeam "CSC/Kingston 3"]
[BlackTeam "Barnet Knights C"]

1. e4 e5 2. Nf3 Nc6 3. Bb5 a6 4. Bxc6 dxc6 5. d4 exd4 6. Qxd4 Qxd4 7. Nxd4 Nf6
8. f3 Bc5 9. Be3 O-O 10. Nd2 Re8 11. O-O-O Bd7 12. Rhe1 Rad8 13. N2b3 b6 14.
Nxc5 bxc5 15. Nb3 c4 16. Nc5 a5 17. Bg5 h6 18. Bxf6 gxf6 19. Nxd7 Kg7 20. Nc5
Rb8 21. Rd4 Rb4 22. c3 Rb5 23. Rxc4 Re5 24. Nd3 Re6 25. Rd1 Kg6 26. Nf4+ Kg5
27. Nxe6+ fxe6 28. Rxc6 f5 29. Rxe6 fxe4 30. fxe4 h5 31. Rd5+ Rxd5 32. exd5 Kf5
33. Kd2 c6 34. Rxc6 Ke5 35. c4 Kf5 36. Ke3 Ke5 37. Re6+ Kf5 38. c5 Kg5 39. c6
Kf5 40. c7 Kg5 41. c8=Q Kf5 42. Qf8+ Kg4 43. Qf4# 1-0

[Event "4NCL Division Four"]
[Site "Telford, ENG"]
[Date "2024.01.06"]
[Round "3.85"]
[White "Morin, Sophie"]
[Black "Denning, Julie L"]
[Result "0-1"]
[WhiteElo "600"]
[BlackElo "1608"]
[PlyCount "70"]
[EventDate "2024.01.06"]
[WhiteTeam "Barnet Knights C"]
[BlackTeam "CSC/Kingston 3"]

1. e4 e5 2. d3 Bc5 3. Nf3 Nf6 4. Be2 d6 5. O-O Nc6 6. Bd2 Bg4 7. Bc3 O-O 8.
Nbd2 Bb6 9. Nb3 a5 10. d4 Nxe4 11. Nbd2 Nxc3 12. bxc3 exd4 13. cxd4 Bf5 14. Nh4
Qxh4 15. g3 Qxd4 16. Nb3 Qxd1 17. Bxd1 Rfe8 18. Bf3 Be4 19. Bg4 Ne5 20. Be2
Nf3+ 21. Kg2 Nd2+ 22. Kh3 Nxf1 23. Bxf1 Bxc2 24. Nd4 Bxd4 25. Re1 Rxe1 26. Bg2
c6 27. Bf3 Bxf2 28. Bh5 Be4 29. Bg4 f5 30. Bh5 g6 31. Bd1 Rxd1 32. Kh4 h6 33.
Kh3 g5 34. a3 Rg1 35. a4 Bg2# 0-1

[Event "4NCL Division Four"]
[Site "Telford, ENG"]
[Date "2024.01.06"]
[Round "3.91"]
[White "Collins, Nigel"]
[Black "Lewis, Stephen"]
[Result "1/2-1/2"]
[WhiteElo "1495"]
[BlackElo "1895"]
[PlyCount "31"]
[EventDate "2024.01.06"]
[WhiteTeam "War and Piece B"]
[BlackTeam "Iceni 2"]

1. c4 Nf6 2. Nc3 e5 3. g3 Nc6 4. Bg2 Bc5 5. e3 O-O 6. Nge2 Re8 7. O-O Bf8 8. a3
a5 9. d3 Ne7 10. e4 c6 11. f4 Qb6+ 12. Kh1 d6 13. h3 Nd7 14. Na4 Qc7 15. Be3
exf4 16. Nxf4 1/2-1/2

[Event "4NCL Division Four"]
[Site "Telford, ENG"]
[Date "2024.01.06"]
[Round "3.92"]
[White "Donnelly, Andrew J"]
[Black "Blair, Jimmy"]
[Result "1-0"]
[WhiteElo "1820"]
[BlackElo "1455"]
[PlyCount "53"]
[EventDate "2024.01.06"]
[WhiteTeam "Iceni 2"]
[BlackTeam "War and Piece B"]

1. Nf3 d5 2. g3 Nc6 3. Bg2 Nf6 4. d4 Bg4 5. O-O e6 6. Nbd2 h6 7. c4 Bd6 8. b3
O-O 9. Bb2 b6 10. Rc1 Qe8 11. Ne5 Bxe5 12. dxe5 Ne4 13. cxd5 exd5 14. Nxe4 dxe4
15. Qd5 Ne7 16. Qxe4 Qd7 17. Rfd1 Qe6 18. Rxc7 Bf5 19. Qb4 Rad8 20. Rd6 Rxd6
21. Qxd6 Ng6 22. Rxa7 Qc8 23. Rc7 Qa6 24. e6 Qxe2 25. Qd4 Qe1+ 26. Bf1 f6 27.
Qd7 1-0

[Event "4NCL Division Four"]
[Site "Telford, ENG"]
[Date "2024.01.06"]
[Round "3.93"]
[White "Charles, Steven"]
[Black "Goodhead, James W"]
[Result "0-1"]
[WhiteElo "1434"]
[BlackElo "1785"]
[PlyCount "96"]
[EventDate "2024.01.06"]
[WhiteTeam "War and Piece B"]
[BlackTeam "Iceni 2"]

1. Nf3 Nf6 2. d4 g6 3. c4 Bg7 4. Nc3 d6 5. e4 O-O 6. Be2 e5 7. dxe5 dxe5 8. O-O
Nbd7 9. Bg5 c6 10. Qc2 Qc7 11. Be3 Ng4 12. Qc1 Nxe3 13. Qxe3 Qb6 14. Qxb6 axb6
15. b4 Re8 16. a3 Nf8 17. Rfd1 Ne6 18. g3 Nd4 19. Ra2 Be6 20. Nxd4 exd4 21. Nb1
b5 22. Nd2 Rad8 23. Bd3 bxc4 24. Nxc4 b5 25. Rc2 bxc4 26. Bxc4 Bxc4 27. Rxc4
Rxe4 28. Rxc6 Ra8 29. Rd3 Re1+ 30. Kg2 Rb1 31. Rc5 Kf8 32. Ra5 Rxa5 33. bxa5
Rb5 34. a4 Rxa5 35. Ra3 Ke7 36. Kf3 Kd6 37. Ke4 Kc5 38. Kd3 Kb4 39. Ra1 Rxa4
40. Rxa4+ Kxa4 41. Kc4 Ka5 42. h3 Kb6 43. f3 Kc6 44. g4 g5 45. Kd3 Kd5 46. Kc2
Ke5 47. Kd3 Kf4 48. Ke2 Kg3 0-1

[Event "4NCL Division Four"]
[Site "Telford, ENG"]
[Date "2024.01.06"]
[Round "3.94"]
[White "Kent, Rowan"]
[Black "Searle, Tristan"]
[Result "1/2-1/2"]
[WhiteElo "1688"]
[BlackElo "1429"]
[PlyCount "93"]
[EventDate "2024.01.06"]
[WhiteTeam "Iceni 2"]
[BlackTeam "War and Piece B"]

1. e4 c5 2. Nf3 Nc6 3. d4 cxd4 4. Nxd4 a6 5. c4 e5 6. Nf5 d6 7. Ne3 Nf6 8. Nc3
Be6 9. Bd3 Be7 10. O-O O-O 11. b3 Nd4 12. Bb2 Qd7 13. Be2 b5 14. Ncd5 Bxd5 15.
Nxd5 Nxd5 16. cxd5 Nxe2+ 17. Qxe2 f5 18. f3 Rf6 19. Rac1 Raf8 20. Rc6 fxe4 21.
Qxe4 Rf4 22. Qc2 Qa7+ 23. Qf2 Qxf2+ 24. Rxf2 e4 25. Ba3 R8f6 26. Rxa6 exf3 27.
Rxf3 Rxf3 28. gxf3 Rxf3 29. Bxd6 Bxd6 30. Rxd6 Rd3 31. Rd7 Rd1+ 32. Kg2 Rd2+
33. Kg3 Rxa2 34. Rb7 Rd2 35. Rxb5 Kf7 36. Rb7+ Kf6 37. Rb5 Ke5 38. Rb7 Rxd5 39.
Rxg7 Rd3+ 40. Kg4 Rxb3 41. Rxh7 Kf6 42. h4 Kg6 43. Re7 Rb4+ 44. Kg3 Rb3+ 45.
Kf4 Rb4+ 46. Re4 Rxe4+ 47. Kxe4 1/2-1/2

[Event "4NCL Division Four"]
[Site "Telford, ENG"]
[Date "2024.01.06"]
[Round "3.95"]
[White "Parsons, Ben D"]
[Black "Todd, Andrew"]
[Result "0-1"]
[WhiteElo "1401"]
[BlackElo "1549"]
[PlyCount "88"]
[EventDate "2024.01.06"]
[WhiteTeam "War and Piece B"]
[BlackTeam "Iceni 2"]

1. d4 Nf6 2. e3 d6 3. Nf3 Nbd7 4. c4 e5 5. dxe5 Nxe5 6. Nxe5 dxe5 7. Qxd8+ Kxd8
8. Be2 Bb4+ 9. Bd2 Bxd2+ 10. Nxd2 c6 11. Rd1 Kc7 12. h3 Bf5 13. O-O Rad8 14.
Nf3 Nd7 15. Ng5 Rhf8 16. e4 Bg6 17. Rd2 h6 18. Nf3 Bxe4 19. Rfd1 f6 20. b4 Nb6
21. Rxd8 Rxd8 22. Rxd8 Kxd8 23. Nd2 Bg6 24. Bd1 Bf7 25. Bb3 Kd7 26. a4 a6 27.
a5 Nc8 28. f3 Nd6 29. Kf2 f5 30. g4 f4 31. Ke2 Bg6 32. Ba2 h5 33. Kd1 hxg4 34.
hxg4 Bd3 35. Kc1 Ke7 36. Kb2 Kf6 37. Kc3 Be2 38. Bb1 Kg5 39. Bd3 Bxd3 40. Kxd3
Kh4 41. Ne4 Nxe4 42. Kxe4 Kg3 43. g5 g6 44. c5 Kf2 0-1